Teologia dell’evoluzione. (Record n. 24655)

Dettagli MARC
000 -LEADER
fixed length control field 00703nam a2200253Ia 4500
003 - CONTROL NUMBER IDENTIFIER
control field IT-RoPAU
008 - FIXED-LENGTH DATA ELEMENTS--GENERAL INFORMATION
fixed length control field 120407s9999 xx 000 0 und d
040 ## - CATALOGING SOURCE
Original cataloging agency IT-RoPAU
040 ## - CATALOGING SOURCE
Transcribing agency IT-RoPAU
041 ## - LANGUAGE CODE
Language code of text/sound track or separate title ita
100 ## - MAIN ENTRY--PERSONAL NAME
Personal name Ervin Nemesszeghy
245 ## - TITLE STATEMENT
Title Teologia dell’evoluzione.
250 ## - EDITION STATEMENT
Edition statement Catania
260 ## - PUBLICATION, DISTRIBUTION, ETC. (IMPRINT)
Place of publication, distribution, etc. Edizioni Paoline
260 ## - PUBLICATION, DISTRIBUTION, ETC. (IMPRINT)
Date of publication, distribution, etc. 1972
300 ## - PHYSICAL DESCRIPTION
Extent 119 p.
300 ## - PHYSICAL DESCRIPTION
Dimensions 18 cm
490 ## - SERIES STATEMENT
Series statement "Teologia per tutti, oggi 22 "
490 ## - SERIES STATEMENT
Volume/sequential designation 1
600 ## - SUBJECT ADDED ENTRY--PERSONAL NAME
Personal name "Tit. Orig.:The theology of evolution.Trad.O. Petrosillo. 1 - Uomo, Origine, Teologia. 2 - Evoluzione, Teologia. I - Russel John II Petrosillo, Orazio 233"
700 ## - ADDED ENTRY--PERSONAL NAME
Personal name John Russel
942 ## - ADDED ENTRY ELEMENTS (KOHA)
Koha item type LIBRO
Dati di copia
Withdrawn status Lost status Source of classification or shelving scheme Damaged status Not for loan Home library Current library Date acquired Total Checkouts Full call number Date last seen Price effective from Koha item type Public note
    Dewey Decimal Classification Buone Condizioni Not For Loan PAULUS-BIBLIOTECA PAULUS-BIBLIOTECA 11/04/2012   230.1122 11/04/2012 11/04/2012 LIBRO Inserito da: Marisa In data: 02 settembre 2011 fondo: Via A.Severo 56 Progr:34637
CREDITS: SOCIETA' SAN PAOLO Via A.Severo, 58 - ROMA (RM) & PERIODICI SAN PAOLO SRL Via Giotto, 36 MILANO & CISF Via Giotto, 36 MILANO & EDIZIONI SAN PAOLO SRL,  Piazza Soncino, 5 CINISELLO BALSAMO (MI) -- ITALY